Statistics for European Vehicle Codes - Click Quiz

Click here to take the quiz!

General Stats

  • This quiz has been taken 228 times
  • The average score is 37 of 45

Answer Stats

HintAnswer% Correct
ANDAndorra
99%
RUSRussia
99%
NLNetherlands
97%
FINFinland
93%
HHungary
93%
NMKNorth Macedonia
93%
SRBSerbia
93%
UKUnited Kingdom
93%
ESTEstonia
91%
BIHBosnia and Herzogovina
90%
UAUkraine
89%
DKDenmark
88%
CZCzech Republic
87%
FFrance
87%
IRLIreland
87%
MCMonaco
87%
MNEMontenegro
87%
VVatican City
87%
ALAlbania
86%
LVLatvia
86%
RORomania
86%
SKSlovakia
86%
ISIceland
85%
NNorway
85%
GRGreece
84%
PLPoland
84%
MMalta
82%
IItaly
81%
MDMoldova
81%
BBelgium
80%
AAustria
79%
LTLithuania
75%
RSMSan Marino
74%
SLOSlovenia
73%
ESpain
73%
DGermany
70%
LLuxembourg
70%
PPortugal
69%
BYBelarus
67%
BGBulgaria
64%
HRCroatia
64%
RKSKosovo
62%
SSweden
61%
CHSwitzerland
59%
FLLiechtenstein
56%

Score Distribution

Percentile by Number Answered

Percent of People with Each Score

Your Score History

You have not taken this quiz